Tratado de derecho civil
-д хадгалсан:
| Үндсэн зохиолчид: | , , |
|---|---|
| Формат: | Ном |
| Хэл сонгох: | испани |
| Хэвлэсэн: |
Barcelona
Bosch
1936
|
| Нөхцлүүд: | |
| Шошгууд: |
Шошго нэмэх
Шошго байхгүй, Энэхүү баримтыг шошголох эхний хүн болох!
|
MARC
| LEADER | 00000nam a2200000 a 4500 | ||
|---|---|---|---|
| 001 | UCS1411 | ||
| 003 | CL-VaPUC | ||
| 008 | 970509e19360000SP |||||||||||||||||spa|d | ||
| 082 | 0 | 4 | |a 346.43 |b ENN |2 21 |
| 100 | 0 | |a Enneccerus, Ludwig |e author |9 385838 | |
| 700 | 0 | |a Kipp, Theodor |e author |9 385839 | |
| 700 | 0 | |a Wolff, Martín |e author |9 385840 | |
| 245 | 1 | 0 | |a Tratado de derecho civil |
| 300 | |a 5 v | ||
| 942 | |c BK | ||
| 945 | |d 19970509 00:00:00 |a lriquelm | ||
| 260 | |a Barcelona |b Bosch |c 1936 | ||
| 500 | |a v.3 p.1: Derecho de cosas | ||
| 500 | |a v.4 p.2: Derecho de familia | ||
| 500 | |a v.5 p.2: Derecho de sucesiones_ | ||
| 650 | 0 | |a Derecho civil |9 255013 | |
| 650 | 0 | |a Propiedad |9 255268 | |
| 650 | 0 | |a Derecho de minería |9 344919 | |
| 650 | 0 | |a Derecho de aguas |9 257148 | |
| 650 | 0 | |a Filiación |9 256647 | |
| 650 | 7 | |a TESTAMENTOS |2 CL-VaPUC |9 255014 | |
| 583 | |a last modification |c 20161003 07:27:50 |k Rodrigo Vera | ||
| 999 | |c 259504 |d 259502 | ||
| 952 | |0 0 |1 0 |4 0 |6 346_430000000000000_ENN_1936 |7 0 |8 P |9 284269 |a BIBDER |b BIBDER |d 2019-11-19 |h v.3 p.1 |i 1840770 |o 346.43 ENN 1936 |p 1840770 |r 2023-01-25 |w 2019-11-19 |y BK |k DER | ||
| 952 | |0 0 |1 0 |4 0 |6 346_430000000000000_ENN_1936 |7 0 |8 P |9 284270 |a BIBDER |b BIBDER |d 2019-11-19 |h v.4 p.2 |i 1840789 |o 346.43 ENN 1936 |p 1840789 |r 2023-01-25 |w 2019-11-19 |y BK |k DER | ||
| 952 | |0 0 |1 0 |4 0 |6 346_430000000000000_ENN_1936 |7 0 |8 P |9 284271 |a BIBDER |b BIBDER |d 2019-11-19 |h v.5 p.2 |i 1840797 |o 346.43 ENN 1936 |p 1840797 |r 2023-01-25 |w 2019-11-19 |y BK |k DER | ||